ドボンクイズ〜日本の多い名字〜 - Statistics

General Stats
  • This quiz has been taken 1,464 times
  • The average score is 8 of 37
Answers on the Grid
Answers color-coded by a green-red scale on the quiz's grid according to % correct below.
松本
井上
清水
石井
前田
長谷川
坂本
福田
太田
西村
金子
藤原
竹内
田村
小野
石田
三浦
柴田
横山
高木
宮本
谷口
今井
増田
大塚
平野
河野
武田
岩崎
菅原
木下
久保
野村
佐野
古川
水野
桜井
吉川
渡部
西田
安田
北村
小松
川口
中田
久保田
服部
岩田
川崎
本田
秋山
田口
山中
中西
吉村
川上
 
Answer Stats
Answer % Correct
47%
45%
松本
35%
井上
34%
前田
34%
長谷川
29%
清水
28%
石田
27%
藤原
26%
石井
24%
坂本
23%
金子
23%
田村
23%
23%
木下
23%
太田
21%
小野
20%
久保
19%
福田
18%
三浦
18%
西村
16%
高木
16%
野村
16%
今井
15%
増田
15%
武田
15%
竹内
14%
柴田
14%
宮本
14%
岩崎
14%
佐野
14%
平野
13%
横山
12%
河野
12%
菅原
12%
谷口
11%
大塚
10%
No matching quizzes found
Score Distribution
Percent of People with Each Score
Percentile by Number Answered
Your Score History
You have not taken this quiz